000 00871nam a2200229Ia 4500
003 GCL
005 20240530095727.0
008 140319s9999 xx 000 0 ara d
040 _aGCL /
_cGCL
082 0 4 _a351
_bع ت
100 1 _aعامر الكبيسى
245 1 0 _aالتنظيم الادارى الحكومى بين التقليد والمعاصرة 0 الجزء الرابع : التطوير التنظيمى /
_cعامر الكبيسى
250 _aالاولى
260 _aسوريا :
_bدار الرضا للنشر ،
_c2006
300 _a139 ص ؛
_c24 سم
490 _aسلسلة الرضا للمعلومات
_v243
650 0 4 _aالادارة المحلية
650 0 4 _aالادارة العامة
650 0 4 _aالتنمية الادارية
650 0 4 _aالمنظمات الحكومية - تنظيم وادارة
942 _2ddc
_cBK
999 _c9983
_d9983